00978nam a2200229 a 450000100100000000500170001000800410002704000250006808200200009310000170011324501320013026000340026230000340029649000690033049000250039965000550042465000680047965000580054765100490060583000690065483000250072300002748920250924073802.0110401s1987 dr d 000 0 spa d aDO-SdBNPbspacBNPHU a320.97293bI11t1 aIanni, Vanna13aEl territorio de las masas :bespacios y movimientos sociales en República Dominicana abril 1984 - abril 1986 /cVanna Ianni. aSanto Domingo :bUASD,c1987. a132 p. :bgráfcs. ;c21 cm.1 aPublicaciones de la Universidad Autónoma de Santo Domingov5701 aEstudios Socialesv3 4aParticipación políticazRepública Dominicana 4aSociedad de masasxAspectos políticoszRepública Dominicana 4aDemocraciaxAspectos socialeszRepública Dominicana 4aRepública DominicanaxCondiciones Sociales aPublicaciones de la Universidad Autónoma de Santo Domingov570 0aEstudios Socialesn3